Highway construction and maintenance : proceedings of Seminar H held at the PTRC Summer Annual Meeting, University of Sussex, England from 4-7 July 1983.

Bibliographic Details
Corporate Authors: Planning and Transport Research and Computation (International) Co, Planning and Transport Research and Computation (International) Co. Meeting, PTRC Seminar on Highway Construction and Maintenance
Format: Conference Proceeding Book
Language:English
Published: London : PTRC Education and Research Services Ltd. on behalf of Planning and Transport Research and Computation (International) Co. Ltd., 1983.
Subjects:

MARC

Tag First Indicator Second Indicator Subfields
LEADER 00000cam a22000007a 4500
001 in00000934839
005 20230925205152.5
008 831129s1983 uk 100 0 eng d
035 |a (OCoLC)10167392 
035 |9 AES0401AM 
040 |a EUN  |c EUN  |d TXA  |d UtOrBLW 
049 |a TXAM  |c [A13167800] 
090 |a TE153  |b .P53 1983 
110 2 |a Planning and Transport Research and Computation (International) Co. 
245 1 0 |a Highway construction and maintenance :  |b proceedings of Seminar H held at the PTRC Summer Annual Meeting, University of Sussex, England from 4-7 July 1983. 
246 1 |a Proceedings of Seminar H 
264 1 |a London :  |b PTRC Education and Research Services Ltd. on behalf of Planning and Transport Research and Computation (International) Co. Ltd.,  |c 1983. 
300 |a 175 pages ;  |c 29 cm. 
336 |a text  |b txt  |2 rdacontent 
337 |a unmediated  |b n  |2 rdamedia 
338 |a volume  |b nc  |2 rdacarrier 
500 |a "Volume P 238." 500/2: : Spine title: PTRC Seminar on highway construction and maintenance. 
504 |a Includes bibliographical references and index. 
650 0 |a Roads  |x Design and construction. 
650 0 |a Roads  |x Maintenance and repair. 
710 2 |a Planning and Transport Research and Computation (International) Co.  |b Meeting  |n (11th :  |d 1983 :  |c University of Sussex, England)  |p Seminar H. 
711 2 |a PTRC Seminar on Highway Construction and Maintenance  |d (1983 :  |c University of Sussex, England) 
740 0 |a PTRC seminar on highway construction and maintenance. 
999 |a MARS 
999 f f |s a90a72fd-1f5e-3272-8270-13dc31f94c2e  |i 1c3839a0-355b-3672-9f15-c9828a1a0a62  |t 0 
952 f f |p ric  |a Texas A&M University  |b Rellis Campus  |c Joint Library Facility  |d Remote Storage  |t 0  |e TE153 .P53 1983  |h Library of Congress classification  |i unmediated -- volume  |m A14813167800 
998 f f |a TE153 .P53 1983  |t 0  |l Remote Storage